History on film-film on history (Record no. 30835)

MARC details
000 -LEADER
fixed length control field 00519nam a2200193Ia 4500
020 ## - INTERNATIONAL STANDARD BOOK NUMBER
ISBN 9781138653337
050 ## - CALL MARK
Classification number PN 1995.2 .R66/
100 ## - STATEMENT OF RESPONSIBILITY--MAIN AUTHOR NAME
Personal name Rosenstone, Robert A.
245 #0 - TITLE STATEMENT
Title History on film-film on history
250 ## - EDITION / VOLUME STATEMENT
Edition / Volume statement 3rd. ed.
260 ## - PUBLICATION, DISTRIBUTION, ETC. (IMPRINT)
Place of publication London
260 ## - PUBLICATION, DISTRIBUTION, ETC. (IMPRINT)
Name of publisher Routledge
260 ## - PUBLICATION, DISTRIBUTION, ETC. (IMPRINT)
Year of publication 2023
300 ## - PHYSICAL DESCRIPTION
Number of Pages xxiii, 175p.:ill.
650 ## - SUBJECT ADDED ENTRY--TOPICAL TERM
Topical Term Motion pictures and history. Historical films--History and criticism.
942 ## - ADDED ENTRY ELEMENTS (KOHA)
Koha item type Books
Holdings
Withdrawn status Lost status Source of classification or shelving scheme Damaged status Not for loan Permanent Location Current Location Shelving location Date acquired Accession Number Price effective from Koha item type
    Library of Congress Classification     NILE UNIVERSITY OF NIGERIA - MAIN LIBRARY NILE UNIVERSITY OF NIGERIA - MAIN LIBRARY Items on shelf 04/23/2025 0198196 04/23/2025 Books